000 04962cam a22018494i 4500
003 PE-LiUPU
005 20251023083315.0
008 190107s2015 njua r 001 0 eng d
020 _a1118879104
020 _a9781118879108
035 _a(Sirsi) a251302
040 _aPE-LiUPU
_bspa
_cPE-LiUPU
_erda
049 _aPRUA
082 0 4 _a624.18341
_bM12
_220
100 1 _aMcCormac, Jack C.,
_eautor.
245 1 0 _aDesign of reinforced concrete /
_cJack C. McCormac, Russell H. Brown.
250 _aTenth edition.
264 1 _aHoboken, New Jersey :
_bJohn Wiley & Sons, Inc.,
_c2015.
300 _axiii, 650 páginas :
_bilustraciones;
_c26 centímetros
336 _atext
_2rdacontent
337 _aunmediated
_2rdamedia
338 _avolume
_2rdacarrier
504 _aÍndice: páginas 641-650.
505 0 _aIntroduction -- Flexural analysis of beams -- Strength analysis of beams according to ACI code -- Desing of rectangular beams and one-way slabs -- Analysis and desing of T beams and doubly reinforced beams -- Serviceability -- Bond, development lengths, and splices -- Shear and diagonal tension -- Introduction to columns -- Desing of short columns suject to axial load and bending -- Slender columns -- Footings -- Retining walls -- Continuous reinforced concrete structures -- Torsion -- Two-way slabs, direct design method -- Two-way slabs, equivalent frame method -- Walls -- Prestressed concrete -- Reinforced concrete masonry (online only at www.wiley.com/college/mccormac).
526 _aP203
526 _aP200
526 _aSEG65
526 _aSEG64
526 _aSEG63
526 _aSEG62
526 _aSEG61
526 _aSEG60
526 _aSEG59
526 _aSEG58
526 _aSEG57
526 _aSEG56
526 _aSEG55
526 _aSEG54
526 _aSEG53
526 _aSEG52
526 _aSEG51
526 _aSEG50
526 _aSEG49
526 _aSEG48
526 _aSEG47
526 _aSEG46
526 _aSEG24
526 _aSEG23
526 _aSEG22
526 _aSEG21
526 _aSEG20
526 _aSEG19
526 _aSEG18
526 _aSEG17
526 _aSEG16
526 _aSEG14
526 _aSEG13
526 _aSEG12
526 _aSEG11
526 _aSEG10
526 _aSEG09
526 _aSEG06
526 _aSEG05
526 _aSEG04
526 _aSEG03
526 _aSEG02
526 _aSEG68
526 _aSEG66
526 _aSEG45
526 _aSEG25
526 _aSEG01
526 _aP163
526 _aP162
526 _aP161
526 _aP160
526 _aP159
526 _aP158
526 _aP157
526 _aP156
526 _aP155
526 _aP154
526 _aP153
526 _aP152
526 _aP151
526 _aP150
526 _aP149
526 _aP142
526 _aP141
526 _aP140
526 _aP139
526 _aP138
526 _aP137
526 _aP132
526 _aP131
526 _aP130
526 _aP126
526 _aP125
526 _aP124
526 _aP123
526 _aP115
526 _aP122
526 _aP121
526 _aP116
526 _a P114
526 _aP112
526 _aP111
526 _aP104
526 _aP103
526 _aP102
526 _aP101
526 _aP100
526 _aP96
526 _aP95
526 _aP93
526 _aP92
526 _aP91
526 _aP88
526 _aP83
526 _aP82
526 _aP79
526 _aP78
526 _aP75
526 _aP74
526 _aP71
526 _aP69
526 _a P51
526 _aP49
526 _aP48
526 _aP47
526 _aP33
526 _aP31
526 _a P30
526 _aP29
526 _aP27
526 _aP26
526 _aP25
526 _aP24
526 _a P22
526 _aP10
526 _aP09
526 _a P08
526 _aP06
526 _aP05
526 _aP04
526 _aP01
541 _g001-003716;
650 0 0 _aMateriales de construcción.
_943
650 0 4 _aConstruyendo tecnología.
650 0 4 _aConcreto reforzado.
700 1 _aBrown, Russell H.,
_eautor.
910 _adbm
_bjpc
_cjpc
_d20190107
942 _2ddc
_cBOOK
994 _aC0
_bPEPRU
596 _a1
999 _a624.18341 M12
_wDEWEY
_c30722
_i79664
_d30722
_e2019-10-1
_f2021-11-9
_g4
_lCCODEBUL1
_mBUL
_n3
_p442.58
_r0
_sY
_tBOOK
_u2019-1-7
_xINGENIERIA
_PP25
_0COMPRA
_1FCOMPR2
_o.PUBLIC. Documento de alto precio!!
_o.STAFF. Colección Ingeniería y Arquitectura
999 _a624.18341 M12
_wDEWEY
_c2
_i79665
_d2019-5-28
_f2021-11-9
_g4
_lCCODEBUL1
_mBUL
_p442.58
_q1
_r0
_sY
_tBOOK
_u2019-1-7
_xINGENIERIA
_PP25
_0COMPRA
_1FCOMPR2
_o.PUBLIC. Documento de alto precio!!
_o.STAFF. Colección Ingeniería y Arquitectura
980 _818226
_gJaime Vilcazán Jefe de Análisis Documental